La estenosis del píloro como complicación de la úlcera del estómago (Record no. 147596)

MARC details
000 -LEADER
campo de control de longitud fija 00641nam a2200193 i 4500
001 - NÚMERO DE CONTROL
campo de control 147596
003 - IDENTIFICADOR DE NÚMERO DE CONTROL
campo de control ES-MaACL
005 - FECHA Y HORA DE LA ÚLTIMA TRANSACCIÓN
campo de control 20230906202134.0
007 - CAMPO FIJO DE DESCRIPCIÓN FÍSICA--INFORMACIÓN GENERAL
campo de control de longitud fija t|
008 - DATOS DE LONGITUD FIJA--INFORMACIÓN GENERAL
campo de control de longitud fija 071004s1907 sp ||||1| spa d
100 1# - ENTRADA PRINCIPAL--NOMBRE DE PERSONA
Nombre de persona Urzola Gil, Luis G.
9 (RLIN) 112288
245 13 - MENCIÓN DEL TÍTULO
Título La estenosis del píloro como complicación de la úlcera del estómago
Resto del título : memoria del doctorado... /
Mención de responsabilidad, etc. Luis G. Urzola Gil.
260 ## - PUBLICACIÓN, DISTRIBUCIÓN, ETC.
Lugar de publicación, distribución, etc. Zaragoza :
Nombre del editor, distribuidor, etc. [s.n.],
Fecha de publicación, distribución, etc. 1907 (
Fabricante Mariano Escar)
300 ## - DESCRIPCIÓN FÍSICA
Extensión 34 p. :
Otras características físicas il. ;
Dimensiones 21 cm.
502 ## - NOTA DE TESIS
Nota de tesis Tesis doctoral.
650 14 - PUNTO DE ACCESO ADICIONAL DE MATERIA--TÉRMINO DE MATERIA
Término de materia o nombre geográfico como elemento de entrada Estenosis pilórica.
9 (RLIN) 147017
650 14 - PUNTO DE ACCESO ADICIONAL DE MATERIA--TÉRMINO DE MATERIA
Término de materia o nombre geográfico como elemento de entrada Estómago-
Subdivisión general Úlceras.
9 (RLIN) 144394
852 ## - LOCALIZACIÓN
Ubicación ES-MaACL
Número de control de estantería T-1135-F-5
Holdings
Estatus retirado Estado de pérdida Estado de daño No para préstamo Colección Biblioteca de origen Biblioteca actual Ubicación en estantería Fecha de adquisición Fuente de adquisición Total de préstamos Signatura topográfica completa Código de barras Visto por última vez Precio de reemplazo Tipo de ítem Koha
        Colección de folletos Biblioteca del Ateneo de Madrid Biblioteca del Ateneo de Madrid Depósito folletos 17/01/2008     T-1135-F-5 1154032 23/02/2023 23/02/2023 Folleto